Chile y su futuro: un país posible
সংরক্ষণ করুন:
| প্রধান লেখক: | |
|---|---|
| বিন্যাস: | গ্রন্থ |
| ভাষা: | স্প্যানিশ |
| প্রকাশিত: |
Santiago
CIEPLAN
1987
|
| বিষয়গুলি: | |
| ট্যাগগুলো: |
ট্যাগ যুক্ত করুন
কোনো ট্যাগ নেই, প্রথমজন হিসাবে ট্যাগ করুন!
|
MARC
| LEADER | 00000nam a2200000 a 4500 | ||
|---|---|---|---|
| 001 | UCV7147 | ||
| 003 | CL-VaPUC | ||
| 008 | 881026e19870000CL |||||||||||||||||spa|d | ||
| 082 | 0 | 4 | |a 338.544 |b FOX |2 21 |
| 100 | 0 | |a Foxley Rioseco, Alejandro |e author |9 301177 | |
| 245 | 1 | 0 | |a Chile y su futuro: un país posible |
| 300 | |a 230 p | ||
| 942 | |c BK | ||
| 945 | |d 19881026 00:00:00 | ||
| 260 | |a Santiago |b CIEPLAN |c 1987 | ||
| 650 | 7 | |a PRONOSTICO DE LA ECONOMIA |2 CL-VaPUC |9 264214 | |
| 650 | 7 | |a PREDICCIONES SOCIALES |2 CL-VaPUC |9 264215 | |
| 650 | 0 | |a Condiciones económicas |9 258255 | |
| 650 | 0 | |a Condiciones sociales |9 257278 | |
| 651 | 7 | |a CHILE |2 CL-VaPUC |9 301178 | |
| 583 | |a last modification |c 19881026 00:00:00 |k Rodrigo Vera | ||
| 999 | |c 212875 |d 212873 | ||
| 952 | |0 0 |1 0 |4 0 |6 338_544000000000000_FOX_1987 |7 0 |8 P |9 194675 |a BIBEDU |b BIBEDU |c BIBEDU_PB |d 2019-11-14 |i 2628317 |o 338.544 FOX 1987 |p 2628317 |r 2024-01-25 |w 2019-11-14 |y BK |k EDU | ||
| 952 | |0 0 |1 0 |4 0 |6 338_544000000000000_FOX_1987 |7 0 |8 A |9 194677 |a BIBDER |b BIBDER |d 2019-11-14 |i 3908631 |o 338.544 FOX 1987 |p 3908631 |r 2023-01-25 |w 2019-11-14 |y BK |k DER | ||